[Event "Junior Online 4NCL Division 4"]
[Site "online"]
[Date "2021.08.19"]
[EventDate "2021.08.19"]
[Round "1.118"]
[White "Marsden, Rupert"]
[WhiteElo "1042"]
[WhiteTeam "Wolfpack Juniors"]
[Black "Choi, Ethan"]
[BlackElo "927"]
[BlackTeam "Surrey Kings 4"]
[Result "1/2-1/2"]
[PlyCount "85"]

1. d4 d5 2. Bf4 e5 3. Bxe5 Bb4+ 4. c3 Bd6 5. Bxg7 c6 6. Bxh8 Qb6 7. Qb3 Qxb3 8. axb3 b5 9. Nf3 b4 10. Ne5 f6 11. Nd3 bxc3 12. bxc3 Nd7 13. b4 Nb6 14. e3 Ba6 15. Nc5 Bxf1 16. Rxf1 Nc4 17. Nd2 Nxd2 18. Kxd2 Bxc5 19. bxc5 Kd7 20. Rab1 Kc7 21. Rb2 Nh6 22. Bxf6 Ng8 23. Be5+ Kd7 24. Rb7+ Kc8 25. Rfb1 Nf6 26. Rb8+ Rxb8 27. Rxb8+ Kd7 28. Bxf6 a6 29. Be5 a5 30. Ra8 h5 31. Rxa5 h4 32. f4 Ke6 33. h3 Kd7 34. Ke2 Ke6 35. Kf3 Kf5 36. Ra8 Kg6 37. Kg4 Kh6 38. Rg8 Kh7 39. Rh8+ Kg6 40. f5+ Kf7 41. f6 Ke6 42. Re8+ Kd7 43. f7 1/2-1/2

[Event "Junior Online 4NCL Division 4"]
[Site "online"]
[Date "2021.08.19"]
[EventDate "2021.08.19"]
[Round "1.121"]
[White "Dhoot, Mitul"]
[WhiteElo "830"]
[WhiteTeam "Uxbridge D"]
[Black "Poon, Evan"]
[BlackElo "1252"]
[BlackTeam "KEGS B"]
[Result "0-1"]
[PlyCount "66"]

1. e4 e5 2. Nf3 Nc6 3. Bc4 Nf6 4. Ng5 d5 5. exd5 Na5 6. d3 Nxc4 7. dxc4 h6 8. Nf3 Bd6 9. Nc3 Bg4 10. Be3 Qd7 11. O-O e4 12. h3 exf3 13. hxg4 fxg2 14. Kxg2 Nxg4 15. Re1 O-O 16. f3 Nxe3+ 17. Rxe3 Rfe8 18. Ne4 f5 19. Nxd6 Rxe3 20. Nxb7 Rb8 21. Nc5 Qd6 22. Ne6 Rxb2 23. f4 Rxe6 24. dxe6 Qxe6 25. Qd8+ Kh7 26. Qxc7 Qe4+ 27. Kg3 Qe3+ 28. Kh4 Rxc2 29. Rh1 Qf2+ 30. Kh5 Qf3+ 31. Kh4 Qxh1+ 32. Kg3 Qg2+ 33. Kh4 Qh2# 0-1

[Event "Junior Online 4NCL Division 4"]
[Site "online"]
[Date "2021.08.19"]
[EventDate "2021.08.19"]
[Round "1.122"]
[White "Scola, George"]
[WhiteElo "1300"]
[WhiteTeam "KEGS B"]
[Black "Bhargava, Arnav"]
[BlackElo "850"]
[BlackTeam "Uxbridge D"]
[Result "1-0"]
[PlyCount "77"]

1. e4 c5 2. Nc3 Nc6 3. d3 f6 4. Bf4 e5 5. Be3 Bd6 6. Qh5+ g6 7. Qh3 Bc7 8. Nd5 d6 9. Qh4 Be6 10. O-O-O Nge7 11. Nxf6+ Kf8 12. Qh6+ Kf7 13. Bg5 Ng8 14. Nxg8 Rxg8 15. Bxd8 Bxd8 16. Qxh7+ Rg7 17. Qh6 Bxa2 18. b3 d5 19. exd5 Nd4 20. Kb2 Nf5 21. Qh8 Rg8 22. Qxe5 Bf6 23. Qxf6+ Kxf6 24. Kxa2 b5 25. Nf3 Ke7 26. Be2 Kd6 27. Rhe1 Kxd5 28. c4+ bxc4 29. dxc4+ Kc6 30. Ne5+ Kb6 31. Bf3 Raf8 32. Nd7+ Kc7 33. Nxf8 Rxf8 34. g4 Nh4 35. Re7+ Kb6 36. Rd6+ Ka5 37. Rxa7+ Kb4 38. Kb2 Nxf3 39. Rb6# 1-0

[Event "Junior Online 4NCL Division 4"]
[Site "online"]
[Date "2021.08.19"]
[EventDate "2021.08.19"]
[Round "1.123"]
[White "Bhargava, Aarav"]
[WhiteElo "826"]
[WhiteTeam "Uxbridge D"]
[Black "Siriwardana, Dinil"]
[BlackElo "1236"]
[BlackTeam "KEGS B"]
[Result "0-1"]
[PlyCount "34"]

1. e4 e5 2. Nf3 Nc6 3. Bd3 Bc5 4. Nc3 Nf6 5. g3 d6 6. O-O O-O 7. Bc4 Bg4 8. b3 Nd4 9. Qe1 Nxf3+ 10. Kg2 Nxe1+ 11. Rxe1 Nh5 12. Nd5 c6 13. Ne3 Bxe3 14. dxe3 Qf6 15. Rf1 Qf3+ 16. Kg1 Bh3 17. Rd1 Qg2# 0-1

[Event "Junior Online 4NCL Division 4"]
[Site "online"]
[Date "2021.08.19"]
[EventDate "2021.08.19"]
[Round "1.124"]
[White "Owen, Joshua"]
[WhiteElo "1021"]
[WhiteTeam "KEGS B"]
[Black "Ravikumar, Kavin"]
[BlackElo "658"]
[BlackTeam "Uxbridge D"]
[Result "1-0"]
[PlyCount "75"]

1. e4 e5 2. Nf3 Nc6 3. Bc4 Nf6 4. Nc3 d6 5. h3 a6 6. d3 b5 7. Bb3 d5 8. Bg5 h6 9. Bh4 g5 10. Bg3 Qe7 11. exd5 Nxd5 12. Bxd5 Bd7 13. O-O O-O-O 14. Qd2 b4 15. Na4 Nd4 16. Rfe1 Nxf3+ 17. gxf3 Bxa4 18. Bxe5 Rxd5 19. Bxh8 Qd7 20. f4 gxf4 21. Qxf4 Bd6 22. Qxh6 Bxc2 23. Bf6 Bxd3 24. Qh8+ Kb7 25. Qd8 Qxh3 26. f4 Bxf4 27. Qxd5+ c6 28. Qxf7+ Kb6 29. Bd4+ Kb5 30. Qxf4 c5 31. Re3 Bh7 32. Rxh3 cxd4 33. Rxh7 Kc4 34. Rc1+ Kd3 35. Rd7 Ke2 36. Rxd4 a5 37. Rc6 b3 38. Re6# 1-0

[Event "Junior Online 4NCL Division 4"]
[Site "online"]
[Date "2021.08.19"]
[EventDate "2021.08.19"]
[Round "1.125"]
[White "Poon, Evan"]
[WhiteElo "1252"]
[WhiteTeam "KEGS B"]
[Black "Dhoot, Mitul"]
[BlackElo "830"]
[BlackTeam "Uxbridge D"]
[Result "1-0"]
[PlyCount "29"]

1. e4 e5 2. Nf3 Nc6 3. Bc4 Nf6 4. Ng5 Bc5 5. Nxf7 Bxf2+ 6. Kf1 Qe7 7. Nxh8 d5 8. exd5 Nd4 9. h3 Bh4 10. c3 Nf5 11. Kg1 Qc5+ 12. d4 exd4 13. Qe2+ Kd7 14. Qe6+ Kd8 15. Nf7# 1-0

[Event "Junior Online 4NCL Division 4"]
[Site "online"]
[Date "2021.08.19"]
[EventDate "2021.08.19"]
[Round "1.126"]
[White "Bhargava, Arnav"]
[WhiteElo "850"]
[WhiteTeam "Uxbridge D"]
[Black "Scola, George"]
[BlackElo "1300"]
[BlackTeam "KEGS B"]
[Result "0-1"]
[PlyCount "68"]

1. d4 Nf6 2. c4 g6 3. Nc3 Bg7 4. Bf4 e6 5. e3 O-O 6. Bd3 Nc6 7. Nf3 d5 8. O-O Nh5 9. Bg5 Qd6 10. c5 Qd7 11. Ne5 Nxe5 12. dxe5 Bxe5 13. Bh6 Ng7 14. Ne2 Qe7 15. f4 Bxb2 16. Rb1 Bf6 17. Nd4 Qxc5 18. Rc1 Qb6 19. Rb1 Qd6 20. Nb5 Qd7 21. Qc1 c6 22. Na3 d4 23. exd4 Qxd4+ 24. Rf2 Qxd3 25. Rb3 Qd7 26. Rd2 Qc7 27. Rdd3 Rd8 28. f5 Rxd3 29. Rxd3 Nxf5 30. Bf4 Qb6+ 31. Be3 Nxe3 32. Rxe3 Bd4 33. Nc4 Bxe3+ 34. Nxe3 f5 0-1

[Event "Junior Online 4NCL Division 4"]
[Site "online"]
[Date "2021.08.19"]
[EventDate "2021.08.19"]
[Round "1.127"]
[White "Siriwardana, Dinil"]
[WhiteElo "1236"]
[WhiteTeam "KEGS B"]
[Black "Bhargava, Aarav"]
[BlackElo "826"]
[BlackTeam "Uxbridge D"]
[Result "1-0"]
[PlyCount "33"]

1. e4 e5 2. Bc4 g6 3. Qf3 Nf6 4. Nc3 Bc5 5. Nd5 Nxd5 6. Bxd5 Bxf2+ 7. Kxf2 Rf8 8. d3 Nc6 9. Bh6 Nd4 10. Qe3 Nxc2 11. Qf3 Nd4 12. Qh3 Nc2 13. Bxf8 Nxa1 14. Qf3 f6 15. Bg7 Ke7 16. Qxf6+ Ke8 17. Qf7# 1-0

[Event "Junior Online 4NCL Division 4"]
[Site "online"]
[Date "2021.08.19"]
[EventDate "2021.08.19"]
[Round "1.128"]
[White "Ravikumar, Kavin"]
[WhiteElo "658"]
[WhiteTeam "Uxbridge D"]
[Black "Owen, Joshua"]
[BlackElo "1021"]
[BlackTeam "KEGS B"]
[Result "0-1"]
[PlyCount "122"]

1. e4 e5 2. Nf3 Nc6 3. Bc4 Nd4 4. Nxe5 Qg5 5. d3 Qxg2 6. Bxf7+ Ke7 7. Kd2 Qxf2+ 8. Kc3 Kf6 9. Rf1 Nb5+ 10. Kb3 Nd4+ 11. Kc3 Nb5+ 12. Kb3 Qxf1 13. Qxf1+ Kxe5 14. Qf4+ Kd4 15. Qg4 Nh6 16. Qg1+ Ke5 17. Bc4 Nd4+ 18. Kc3 Ne2+ 19. Kd2 Nxg1 20. d4+ Kxd4 21. b3 Kxe4 22. Bb2 Bb4+ 23. c3 d5 24. Bd3+ Ke5 25. cxb4+ Kd6 26. Bxg7 Nf3+ 27. Ke3 Re8+ 28. Kxf3 Nf7 29. Bxh7 Bd7 30. Bh6 Nxh6 31. Nc3 Rf8+ 32. Ke3 Ng4+ 33. Kd4 Rf4+ 34. Ne4+ Kc6 35. Rc1+ Kb6 36. Kxd5 Nxh2 37. a4 Bf5 38. a5+ Kb5 39. Rc5+ Kxb4 40. Rc4+ Kxb3 41. Nd2+ Kb2 42. Rb4+ Kc3 43. Rxf4 Kxd2 44. Bxf5 Rd8+ 45. Ke5 Re8+ 46. Kf6 Ke3 47. Kf7 Kxf4 48. Kxe8 Kxf5 49. Kd7 b6 50. a6 b5 51. Kxc7 b4 52. Kb7 b3 53. Kxa7 b2 54. Kb8 b1=Q+ 55. Ka8 Qe4+ 56. Kb8 Qe8+ 57. Kb7 Qb5+ 58. Ka7 Ke6 59. Ka8 Kd7 60. Ka7 Kc7 61. Ka8 Qb8# 0-1

[Event "Junior Online 4NCL Division 4"]
[Site "online"]
[Date "2021.08.19"]
[EventDate "2021.08.19"]
[Round "1.131"]
[White "Jha, Aarush"]
[WhiteElo "1311"]
[WhiteTeam "Chess Challengers C"]
[Black "Satish, Shiva"]
[BlackElo "1219"]
[BlackTeam "Charlton Lions"]
[Result "0-1"]
[PlyCount "68"]

1. e4 e5 2. Nc3 Nf6 3. f4 exf4 4. e5 Ng8 5. Nf3 d6 6. d4 c5 7. dxc5 dxe5 8. Qxd8+ Kxd8 9. Bd2 Bxc5 10. O-O-O Ke8 11. Nd5 Bd6 12. Bb5+ Bd7 13. Bxd7+ Nxd7 14. Rhe1 Rc8 15. Bxf4 f6 16. g4 Ne7 17. g5 Kf7 18. Nxe7 Kxe7 19. gxf6+ gxf6 20. Bg3 Rhg8 21. Nh4 Bb4 22. Nf5+ Ke6 23. Rf1 Rg5 24. Ne3 Rc5 25. c3 Rc6 26. Bh4 Rh5 27. Bg3 Bc5 28. Nc4 b5 29. Na5 Rc7 30. b4 Be3+ 31. Kb2 Nb6 32. Bf2 Bxf2 33. Rxf2 Na4+ 34. Kb3 Rxc3# 0-1

[Event "Junior Online 4NCL Division 4"]
[Site "online"]
[Date "2021.08.19"]
[EventDate "2021.08.19"]
[Round "1.132"]
[White "Chandrashekhar, Druha"]
[WhiteElo "1271"]
[WhiteTeam "Charlton Lions"]
[Black "Devalia, Aadishesh"]
[BlackElo "1308"]
[BlackTeam "Chess Challengers C"]
[Result "1-0"]
[PlyCount "151"]

1. e4 e5 2. Nf3 Nc6 3. d4 exd4 4. Bc4 d5 5. exd5 Nce7 6. Qxd4 Nf6 7. O-O Nexd5 8. Bg5 Be6 9. Bxf6 Nxf6 10. Qxd8+ Rxd8 11. Bxe6 fxe6 12. Nc3 Bd6 13. Rfe1 Ke7 14. Ng5 e5 15. f4 h6 16. Nf3 e4 17. Nxe4 Bxf4 18. Nc5+ Kf7 19. Ne6 Bd2 20. Nxd8+ Rxd8 21. Nxd2 Rxd2 22. Rac1 Kg6 23. Red1 Re2 24. Kf1 Re7 25. Kf2 Ng4+ 26. Kg3 Ne3 27. Re1 Nf5+ 28. Kf2 Rf7 29. Kg1 Nd4 30. c3 Nc6 31. Re2 Rf5 32. Rce1 Kg5 33. b4 a5 34. bxa5 Nxa5 35. Re5 Nc4 36. h4+ Kg6 37. Re6+ Kh7 38. Re7 Rc5 39. R7e2 Nb6 40. Rc1 Na4 41. Kh2 b6 42. g4 Rc4 43. Kh3 Rf4 44. Kg3 Rc4 45. Kf3 Kg6 46. h5+ Kg5 47. Re5+ Kf6 48. Rf5+ Ke6 49. Re1+ Kd6 50. Rfe5 Rxc3+ 51. R5e3 Rc5 52. Rd1+ Kc6 53. Re6+ Kb7 54. Rde1 Rc3+ 55. R1e3 Rc2 56. Rg6 Rxa2 57. Rxg7 Rc2 58. Rg6 Rc1 59. Kf4 Rf1+ 60. Rf3 Rd1 61. Kg3 b5 62. Rxh6 b4 63. Rg6 Rg1+ 64. Kh4 Rh1+ 65. Kg5 Nc5 66. h6 Ne4+ 67. Kf4 Nc3 68. Rg5 Ne2+ 69. Ke3 Nc3 70. Rh5 Re1+ 71. Kd2 Re8 72. h7 Rh8 73. Rxc3 bxc3+ 74. Kxc3 Kc6 75. g5 Kd6 76. g6 1-0

[Event "Junior Online 4NCL Division 4"]
[Site "online"]
[Date "2021.08.19"]
[EventDate "2021.08.19"]
[Round "1.133"]
[White "Rajaram, Dilip"]
[WhiteElo "1206"]
[WhiteTeam "Chess Challengers C"]
[Black "Williams, Alex"]
[BlackElo "1000"]
[BlackTeam "Charlton Lions"]
[Result "1-0"]
[PlyCount "49"]

1. e4 e5 2. Nf3 Nc6 3. c3 Be7 4. d4 exd4 5. cxd4 Nf6 6. Nc3 O-O 7. Bd3 Bb4 8. e5 Bxc3+ 9. bxc3 Nd5 10. c4 Ndb4 11. d5 Nxd3+ 12. Qxd3 Nb4 13. Qb1 c5 14. Ng5 g6 15. a3 Na6 16. h4 h6 17. Nxf7 Rxf7 18. Bxh6 Kh7 19. h5 Qg8 20. hxg6+ Qxg6 21. Be3+ Kg7 22. Bh6+ Kh7 23. Bf8+ Kg8 24. Qxg6+ Rg7 25. Qxg7# 1-0

[Event "Junior Online 4NCL Division 4"]
[Site "online"]
[Date "2021.08.19"]
[EventDate "2021.08.19"]
[Round "1.134"]
[White "Sharma, Reyansh"]
[WhiteElo "1000"]
[WhiteTeam "Charlton Lions"]
[Black "Chandrasekar, Neel"]
[BlackElo "1230"]
[BlackTeam "Chess Challengers C"]
[Result "1-0"]
[PlyCount "55"]

1. e4 e5 2. Nf3 Nc6 3. Bc4 Bc5 4. O-O Nf6 5. Nc3 O-O 6. d3 h6 7. Be3 Bb6 8. Bxb6 axb6 9. Re1 d6 10. Nd5 Nxd5 11. exd5 Ne7 12. Qd2 Bf5 13. a3 Ng6 14. Rad1 Qd7 15. d4 exd4 16. Qxd4 Rfe8 17. Rxe8+ Rxe8 18. Qd2 Bg4 19. Qd3 Ne5 20. Nxe5 Rxe5 21. Rf1 Be2 22. Qc3 Bxf1 23. Kxf1 Qg4 24. f3 Qg6 25. Bd3 Qf6 26. Qxc7 Rxd5 27. Qc8+ Qd8 28. Qxd8# 1-0

[Event "Junior Online 4NCL Division 4"]
[Site "online"]
[Date "2021.08.19"]
[EventDate "2021.08.19"]
[Round "1.135"]
[White "Satish, Shiva"]
[WhiteElo "1219"]
[WhiteTeam "Charlton Lions"]
[Black "Jha, Aarush"]
[BlackElo "1311"]
[BlackTeam "Chess Challengers C"]
[Result "0-1"]
[PlyCount "126"]

1. e4 c5 2. Nf3 e6 3. d4 cxd4 4. Nxd4 d5 5. exd5 exd5 6. Nc3 Nf6 7. Bb5+ Bd7 8. Be2 Bc5 9. Nf3 O-O 10. Bg5 Bc6 11. O-O d4 12. Bxf6 Qxf6 13. Nb1 Bxf3 14. Bxf3 Nc6 15. c3 Rad8 16. cxd4 Bxd4 17. Nd2 Bxb2 18. Rb1 Bc3 19. Ne4 Qd4 20. Qxd4 Nxd4 21. Rxb7 Nxf3+ 22. gxf3 Bd4 23. Rd1 f5 24. Nd2 Bc3 25. Rxa7 Rf7 26. Ra3 Bxd2 27. Rb3 Rfd7 28. Kg2 Bf4 29. Re1 Kf7 30. Rb5 Kf6 31. Rb6+ Rd6 32. Rb4 g5 33. h4 h6 34. Kh3 Bd2 35. hxg5+ hxg5 36. Reb1 Bxb4 37. Rxb4 Rh8+ 38. Kg3 f4+ 39. Kg2 Rd2 40. a4 Ra8 41. Rb6+ Ke5 42. Rb5+ Kf6 43. Rb6+ Kg7 44. Rb7+ Kg6 45. Rb6+ Kh5 46. Rb7 Rxa4 47. Rh7+ Kg6 48. Rh3 Kf5 49. Rh7 Ra6 50. Rf7+ Rf6 51. Rh7 g4 52. Rh5+ Ke6 53. fxg4 Rd5 54. Rh4 Ke5 55. g5 Rg6 56. Rg4 Ke4 57. f3+ Ke3 58. Kh3 Rdxg5 59. Rh4 Rg3+ 60. Kh2 Kxf3 61. Rh5 Rg2+ 62. Kh1 Kf2 63. Rd5 Rh6+ 0-1

[Event "Junior Online 4NCL Division 4"]
[Site "online"]
[Date "2021.08.19"]
[EventDate "2021.08.19"]
[Round "1.136"]
[White "Devalia, Aadishesh"]
[WhiteElo "1308"]
[WhiteTeam "Chess Challengers C"]
[Black "Chandrashekhar, Druha"]
[BlackElo "1271"]
[BlackTeam "Charlton Lions"]
[Result "0-1"]
[PlyCount "56"]

1. e4 c5 2. c4 Nc6 3. Nc3 Nf6 4. d3 e5 5. Nf3 g6 6. Bg5 Bg7 7. Nd5 O-O 8. Be2 d6 9. O-O Be6 10. Bxf6 Bxf6 11. Nxf6+ Qxf6 12. Qd2 Bg4 13. Qg5 Qxg5 14. Nxg5 Bxe2 15. Rfe1 Bxd3 16. f3 Bxc4 17. b3 Ba6 18. Rad1 Nd4 19. Nh3 Ne2+ 20. Kf2 Nd4 21. Kg3 f5 22. Nf2 f4+ 23. Kg4 h5+ 24. Kh3 b6 25. Rc1 Bc8+ 26. Kh4 Kh7 27. Nd3 Kh6 28. Nb2 g5# 0-1

[Event "Junior Online 4NCL Division 4"]
[Site "online"]
[Date "2021.08.19"]
[EventDate "2021.08.19"]
[Round "1.137"]
[White "Williams, Alex"]
[WhiteElo "1000"]
[WhiteTeam "Charlton Lions"]
[Black "Rajaram, Dilip"]
[BlackElo "1206"]
[BlackTeam "Chess Challengers C"]
[Result "1-0"]
[PlyCount "89"]

1. d4 d5 2. Bf4 Nc6 3. Nf3 Bf5 4. e3 e6 5. Bd3 Nf6 6. Bxf5 exf5 7. Nbd2 Ne4 8. O-O h6 9. Nxe4 fxe4 10. Ne5 Nxe5 11. Bxe5 Bd6 12. Bxd6 Qxd6 13. c4 c6 14. cxd5 cxd5 15. Qa4+ Qc6 16. Qd1 h5 17. Rc1 Qa6 18. a3 h4 19. h3 f5 20. Rc7 g5 21. Qc1 b5 22. Qc5 Qe6 23. Qxb5+ Kd8 24. Qa5 Ke8 25. Rfc1 Rd8 26. R1c6 Qg8 27. Qb5 Rh7 28. Rg6+ Rdd7 29. Rxg8+ Kf7 30. Rxd7+ Kxg8 31. Rxh7 Kxh7 32. Qd7+ Kh6 33. Qxa7 g4 34. hxg4 fxg4 35. Qb6+ Kg5 36. Qd8+ Kf5 37. b4 g3 38. fxg3 hxg3 39. b5 Kg4 40. b6 Kf5 41. b7 Kg4 42. b8=Q Kh5 43. Qe5+ Kh6 44. Qdg5+ Kh7 45. Qeg7# 1-0

[Event "Junior Online 4NCL Division 4"]
[Site "online"]
[Date "2021.08.19"]
[EventDate "2021.08.19"]
[Round "1.138"]
[White "Chandrasekar, Neel"]
[WhiteElo "1230"]
[WhiteTeam "Chess Challengers C"]
[Black "Sharma, Reyansh"]
[BlackElo "1000"]
[BlackTeam "Charlton Lions"]
[Result "1-0"]
[PlyCount "119"]

1. e4 e5 2. Nf3 Nc6 3. d4 exd4 4. Nxd4 Qh4 5. Nc3 Bc5 6. Be3 Nxd4 7. Bxd4 Bxd4 8. Qxd4 Nf6 9. Bc4 O-O 10. O-O Ng4 11. h3 Nf6 12. Rfe1 d6 13. Rad1 Be6 14. Bxe6 fxe6 15. e5 Qxd4 16. Rxd4 dxe5 17. Rxe5 Rad8 18. Rxd8 Rxd8 19. Re2 Nd5 20. Nxd5 exd5 21. Re7 Kf8 22. Rxc7 d4 23. Rxb7 d3 24. cxd3 Rxd3 25. Rxa7 Rd1+ 26. Kh2 Rd2 27. Rb7 Rxf2 28. a4 Rf6 29. Rb3 Ra6 30. Ra3 Ke7 31. Kg3 Kf6 32. Kf3 Kf5 33. b4 Ke5 34. Ke3 Kd5 35. Kd3 Ke6 36. Kc4 Kd6 37. b5 Rb6 38. a5 Rb8 39. a6 Kc7 40. Kc5 Ra8 41. b6+ Kb8 42. Kc6 Kc8 43. b7+ Kb8 44. bxa8=Q+ Kxa8 45. Kd7 h5 46. Ke7 g5 47. Kf6 g4 48. hxg4 hxg4 49. Kg5 Ka7 50. Kxg4 Ka8 51. Kf5 Ka7 52. g4 Kb8 53. g5 Kc8 54. a7 Kb7 55. a8=Q+ Kc7 56. Rd3 Kb6 57. Qc8 Kb5 58. Rb3+ Ka4 59. Rb7 Ka5 60. Qa8# 1-0

[Event "Junior Online 4NCL Division 4"]
[Site "online"]
[Date "2021.08.19"]
[EventDate "2021.08.19"]
[Round "1.141"]
[White "Wang, Hantin"]
[WhiteElo "1270"]
[WhiteTeam "London Dragons Californium"]
[Black "Sethi, Siddharth"]
[BlackElo "1232"]
[BlackTeam "Chess Challengers D"]
[Result "0-1"]
[PlyCount "90"]

1. d4 d5 2. Bf4 c5 3. dxc5 Nc6 4. Nf3 e6 5. e3 a6 6. Be2 Bxc5 7. O-O f6 8. h3 g5 9. Bh2 h5 10. Nfd2 g4 11. h4 Bd6 12. g3 Nh6 13. Bd3 f5 14. Nc3 Nf7 15. Ne2 Nfe5 16. Nf4 Nf7 17. Re1 Bxf4 18. exf4 Kf8 19. Be2 b6 20. Nb3 Bb7 21. Nd4 Nxd4 22. Qxd4 b5 23. Bd3 Qd7 24. Qc5+ Kg8 25. Qd4 Rh6 26. c3 Qd6 27. b3 Re8 28. Qa7 Qc7 29. Qd4 e5 30. fxe5 Nxe5 31. Bxf5 Nf3+ 32. Kg2 Nxd4 33. Rxe8+ Kf7 34. Re3 Nxf5 35. Rd3 d4+ 36. Kg1 dxc3 37. Rc1 b4 38. a4 Be4 39. Rdd1 Rd6 40. Re1 c2 41. Rxe4 Rd1+ 42. Re1 Rxe1+ 43. Rxe1 c1=R 44. Kf1 Rxe1+ 45. Kxe1 Nd4 0-1

[Event "Junior Online 4NCL Division 4"]
[Site "online"]
[Date "2021.08.19"]
[EventDate "2021.08.19"]
[Round "1.142"]
[White "Khandelwal, Ritisha"]
[WhiteElo "1220"]
[WhiteTeam "Chess Challengers D"]
[Black "Xue, Max"]
[BlackElo "1250"]
[BlackTeam "London Dragons Californium"]
[Result "1-0"]
[PlyCount "95"]

1. e4 c5 2. Bc4 d6 3. c3 Nf6 4. Qa4+ Bd7 5. Bb5 g6 6. Nf3 Bg7 7. d4 cxd4 8. cxd4 O-O 9. e5 Bxb5 10. Qxb5 dxe5 11. dxe5 Nh5 12. Qxb7 Nd7 13. O-O e6 14. Bg5 f6 15. exf6 Nhxf6 16. Qb3 Qb6 17. Be3 Qxb3 18. axb3 Rab8 19. Nbd2 Nd5 20. Bxa7 Rb7 21. Be3 Nxe3 22. fxe3 Bxb2 23. Rab1 Bg7 24. Nc4 Nc5 25. Na5 Rb5 26. b4 Nb7 27. Nc6 Nd8 28. Na7 Rb6 29. Nc8 Rc6 30. Ne7+ Kh8 31. Nxc6 Nxc6 32. b5 Ne7 33. b6 Rb8 34. Rfc1 Nd5 35. Rc6 Nxe3 36. Rxe6 Bd4 37. Rd6 Bc5 38. Rc6 Be7 39. b7 Kg7 40. Rc8 Rxc8 41. bxc8=Q Nd5 42. Qe6 Nc3 43. Qxe7+ Kh6 44. Rc1 Nd5 45. Qf8+ Kh5 46. Rc5 Kg4 47. Rxd5 h6 48. Qb4# 1-0

[Event "Junior Online 4NCL Division 4"]
[Site "online"]
[Date "2021.08.19"]
[EventDate "2021.08.19"]
[Round "1.143"]
[White "Pan, Ailun"]
[WhiteElo "1220"]
[WhiteTeam "London Dragons Californium"]
[Black "Bhaskaran, Adithya"]
[BlackElo "1200"]
[BlackTeam "Chess Challengers D"]
[Result "1/2-1/2"]
[PlyCount "173"]

1. e4 e5 2. Nf3 Nc6 3. c3 Nf6 4. d4 exd4 5. e5 Nd5 6. cxd4 Bb4+ 7. Nbd2 Qe7 8. Bc4 Nb6 9. Bd3 d6 10. O-O O-O 11. a3 Bxd2 12. Bxd2 Bg4 13. exd6 Qxd6 14. Bxh7+ Kh8 15. Be4 Rfe8 16. Bxc6 Qxc6 17. Rc1 Qd6 18. Bb4 Qd7 19. Qd3 Bf5 20. Qb3 f6 21. Nh4 Bh7 22. Qg3 Nd5 23. Rc5 b6 24. Rcc1 a5 25. Bd2 Re2 26. Bc3 Rae8 27. Ng6+ Kg8 28. Nf4 Nxf4 29. Qxf4 Qd6 30. Qf3 Qe6 31. Rcd1 Re7 32. d5 Qd6 33. Rd4 Kf8 34. Rh4 Bg6 35. Rh8+ Kf7 36. Rh4 b5 37. Rd4 R7e5 38. Bxa5 Rxb2 39. Rb4 Rxb4 40. Bxb4 Qxd5 41. Qxd5+ Rxd5 42. Rc1 Rd7 43. h3 Ke6 44. Rc6+ Kd5 45. Rc5+ Ke6 46. Rxb5 Rd5 47. Rb7 c5 48. Rb6+ Rd6 49. Bxc5 Rxb6 50. Bxb6 Kd5 51. a4 Kc6 52. a5 Kb5 53. g4 Be4 54. Kf1 f5 55. Ke2 fxg4 56. hxg4 g6 57. f3 Bb1 58. Ke3 Kc6 59. Kf4 Bd3 60. Kg5 Kb7 61. f4 Ka6 62. f5 gxf5 63. gxf5 Bc4 64. f6 Bf7 65. Kh6 Kb7 66. Kg7 Bc4 67. f7 Bxf7 68. Kxf7 Ka6 69. Ke6 Kb7 70. Kd5 Ka8 71. Kc6 Kb8 72. a6 Ka8 73. Kb5 Kb8 74. a7+ Ka8 75. Ka5 Kb7 76. Bc5 Ka8 77. Kb5 Kb7 78. Bd4 Ka8 79. Ka5 Kb7 80. Kb4 Ka8 81. Kb3 Kb7 82. Kb2 Ka8 83. Kb3 Kb7 84. Ka4 Ka8 85. Kb5 Kb7 86. Kc5 Ka8 87. Kb6 1/2-1/2

[Event "Junior Online 4NCL Division 4"]
[Site "online"]
[Date "2021.08.19"]
[EventDate "2021.08.19"]
[Round "1.144"]
[White "Patel, Ananya"]
[WhiteElo "1104"]
[WhiteTeam "Chess Challengers D"]
[Black "Li, Leo"]
[BlackElo "1289"]
[BlackTeam "London Dragons Californium"]
[Result "1-0"]
[PlyCount "93"]

1. e4 Nf6 2. Nc3 Nc6 3. f4 g6 4. Nf3 Bh6 5. Bc4 Bxf4 6. d4 Bxc1 7. Qxc1 O-O 8. O-O e6 9. e5 Ng4 10. h3 d5 11. Bb5 h5 12. hxg4 hxg4 13. Nh2 g3 14. Ng4 Qh4 15. Nf6+ Kg7 16. Rf3 Qh2+ 17. Kf1 Qh1+ 18. Ke2 Qxg2+ 19. Ke3 Nxd4 20. Rf1 Nf5+ 21. Kd3 Qh3 22. Rf3 c6 23. Ba4 Qg2 24. Qf4 Nh4 25. Rxg3 Qh2 26. Rxg6+ Nxg6 27. Qxh2 Rh8 28. Qg3 Rh3 29. Qxh3 Nf4+ 30. Ke3 Nxh3 31. Rh1 Ng5 32. Rg1 Kg6 33. Kf4 Kh6 34. Rxg5 Bd7 35. Nxd7 b5 36. Bb3 Rd8 37. Nf6 b4 38. Ng4+ Kh7 39. Ne2 f5 40. Nf6+ Kh6 41. Ng8+ Kh7 42. Nf6+ Kh6 43. Ng3 d4 44. Rh5+ Kg7 45. Rh7+ Kg6 46. Bxe6 Rf8 47. Bxf5# 1-0

[Event "Junior Online 4NCL Division 4"]
[Site "online"]
[Date "2021.08.19"]
[EventDate "2021.08.19"]
[Round "1.145"]
[White "Sethi, Siddharth"]
[WhiteElo "1232"]
[WhiteTeam "Chess Challengers D"]
[Black "Wang, Hantin"]
[BlackElo "1270"]
[BlackTeam "London Dragons Californium"]
[Result "1-0"]
[PlyCount "85"]

1. c4 f5 2. f4 Nf6 3. Nf3 g6 4. d4 Bg7 5. e3 O-O 6. Nc3 d6 7. d5 Nbd7 8. g3 e5 9. fxe5 dxe5 10. Bg2 h6 11. O-O g5 12. Nd2 Nb8 13. Nb3 Bd7 14. d6 cxd6 15. Bxb7 Nc6 16. Bxa8 Qxa8 17. Nd5 Nxd5 18. Qxd5+ Kh8 19. Qxd6 Rf6 20. Qxd7 Qf8 21. Qd2 h5 22. Qe2 Qf7 23. e4 f4 24. g4 h4 25. Nd2 Nd4 26. Qd1 f3 27. Rf2 Rf4 28. h3 Ne2+ 29. Rxe2 fxe2 30. Qxe2 Bf8 31. Nb3 Rf3 32. Bxg5 Rg3+ 33. Kh2 Be7 34. Bxe7 Qxe7 35. Rg1 Rxg1 36. Kxg1 Qg5 37. Qd2 Qf6 38. Qf2 Qd6 39. Qxh4+ Kg8 40. Qg5+ Kf8 41. Qf5+ Ke8 42. Qc8+ Ke7 43. Qc5 1-0

[Event "Junior Online 4NCL Division 4"]
[Site "online"]
[Date "2021.08.19"]
[EventDate "2021.08.19"]
[Round "1.146"]
[White "Xue, Max"]
[WhiteElo "1250"]
[WhiteTeam "London Dragons Californium"]
[Black "Khandelwal, Ritisha"]
[BlackElo "1220"]
[BlackTeam "Chess Challengers D"]
[Result "1-0"]
[PlyCount "43"]

1. e4 e5 2. Nc3 Nf6 3. f4 exf4 4. e5 Ng8 5. Nf3 Nc6 6. d4 f6 7. Bxf4 fxe5 8. Nxe5 Nf6 9. Bc4 d5 10. Bb5 Bd7 11. Qe2 Bd6 12. Nxc6+ Kf7 13. Nxd8+ Kg6 14. Bd3+ Bf5 15. Bxf5+ Kxf5 16. Bxd6 Re8 17. O-O+ Kg6 18. Qd3+ Ne4 19. Nxe4 dxe4 20. Qg3+ Kh6 21. Bf4+ Kh5 22. Qg5# 1-0

[Event "Junior Online 4NCL Division 4"]
[Site "online"]
[Date "2021.08.19"]
[EventDate "2021.08.19"]
[Round "1.147"]
[White "Bhaskaran, Adithya"]
[WhiteElo "1200"]
[WhiteTeam "Chess Challengers D"]
[Black "Pan, Ailun"]
[BlackElo "1220"]
[BlackTeam "London Dragons Californium"]
[Result "1-0"]
[PlyCount "97"]

1. e4 e5 2. Nf3 Nc6 3. Nc3 Nf6 4. Bc4 Bc5 5. O-O O-O 6. d3 h6 7. h3 d6 8. Bd2 Be6 9. Bb3 Bxb3 10. cxb3 Nb4 11. Qe2 Re8 12. a3 Nc2 13. Rac1 Nd4 14. Nxd4 Bxd4 15. Be3 c5 16. f4 Qb6 17. fxe5 dxe5 18. Bxd4 cxd4 19. Na4 Qxb3 20. Nc5 Qb5 21. b4 b6 22. Nb3 Qa4 23. Qb2 Qb5 24. Qe2 Rac8 25. Rc2 a5 26. Rc4 a4 27. Nd2 Red8 28. Rfc1 Rb8 29. Rc7 Rd7 30. Rc8+ Rxc8 31. Rxc8+ Kh7 32. Nf3 Re7 33. Qc2 Qd7 34. Rc6 b5 35. Rc5 Nh5 36. Nxe5 Qe6 37. Nc6 Rd7 38. Rxh5 g5 39. h4 Rc7 40. Nxd4 Qg4 41. Rxh6+ Kxh6 42. Qxc7 Qd1+ 43. Kh2 Qxd3 44. hxg5+ Kxg5 45. Qe5+ Kg6 46. Qf5+ Kh6 47. Qf6+ Kh7 48. Nf5 Qxe4 49. Qg7# 1-0